书目信息 |
| 题名: |
驯服偶然
|
|
| 作者: | 哈金 著 | |
| 分册: | ||
| 出版信息: | 北京 中央编译出版社 2000.03 |
|
| 页数: | 436页 | |
| 开本: | 32开 | |
| 丛书名: | ||
| 单 册: | ||
| 中图分类: | B025.6 | |
| 科图分类: | ||
| 主题词: | 辩证唯物主义 | |
| 电子资源: | ||
| ISBN: | 7-80109-347-X | |
| 000 | 00551nam0 2200193 45 | |
| 001 | 0104171056 | |
| 005 | 20010417101539.9 | |
| 010 | @a7-80109-347-X@d28.00元 | |
| 100 | @a20010417d2000 km y0chiy0120 ea | |
| 101 | 0 | @achi |
| 105 | @a z 000yy | |
| 200 | 1 | @a驯服偶然@AXun Fu Ou Ran@f(加)哈金著;刘钢译@F(Jia)Ha Jin Zhu;Liu Gang Yi |
| 210 | @a北京@c中央编译出版社@d2000.03 | |
| 215 | @a436页@d32开 | |
| 606 | 0 | @a辩证唯物主义 |
| 690 | @aB025.6@v3 | |
| 701 | 0 | @a哈金@4著 |
| 801 | @aCN@bPftUser@c20010417 | |
| 905 | @b339037-038@dB025.6@eH.477@f2 | |
| 驯服偶然/(加)哈金著;刘钢译.-北京:中央编译出版社,2000.03 |
| 436页;32开 |
| ISBN 7-80109-347-X:28.00元 |
| ● |
| 相关链接 |
|
|
|
正题名:驯服偶然
索取号:B025.6/H.477
 
预约/预借
| 序号 | 登录号 | 条形码 | 馆藏地/架位号 | 状态 | 备注 |
| 1 | 339037 | 203390375 | 社科库509/509社科库 7排2列6层/ [索取号:B025.6/H.477] | 在馆 | |
| 2 | 339038 | 203390384 | 社科库509/509社科库 7排2列6层/ [索取号:B025.6/H.477] | 在馆 |